00752nam a22002057a 4500999001900000005001700019010001300036020002600049035001300075037000900088082001100097100001700108245009300125260003000218270006900248300002600317500001900343942002500362952015900387 c178766d17876620210413111103.0 aB-739788 a9789380607313c995.00 aB-739788 bGift04a954.031 aSen, Satadru10aDisciplined natives:brace, freedom, and confinement in colonial India /cby Satadru Sen aDelhibPrimus Booksc2012 aVirat Bhavan, Mukherjee Nagar Commercial Complex bDelhie110009 aviii, 359p.c25cm(Hb) aincludes index 2ddccENh954.03mSEN 001040708NFICaLbLd2021-04-13eGift/Eng/05-04-2021g995.00l1o954.03 SENpB-739788r2023-05-02 00:00:00s2023-04-20t1v995.00w2021-04-13yENzGift